Segmentácia a rozpoznávanie obsahu historických šifrovaných dokumentov

Salvato in:
Dettagli Bibliografici
Autore principale: Tóthová, Laura (Autore)
Altri autori: Marák, Pavol (Relatore della tesi)
Natura: Manoscritto Libro
Lingua:slovacco
Pubblicazione: Bratislava : STU v Bratislave FEI, 2022
Soggetti:
Accesso online:https://opac.crzp.sk/?fn=detailBiblioFormChildA2BG3&sid=378281AEB05FBF717837CBA6EBFA&seo=CRZP-detail-kniha
Tags: Aggiungi Tag
Nessun Tag, puoi essere il primo ad aggiungerne!!

MARC

LEADER 00000ntm a22000003a 4500
001 stuzp88818
003 SK-STU
005 20230404125308.8
007 ta
008 150427s2015----xo-----f-mn---000-0-slo-d
040 |a STU  |b slo 
041 0 |a slo 
044 |a xo 
100 1 |a Tóthová, Laura  |u 035000  |4 aut  |U FEI Fakulta elektrotechniky a informatiky  |T FEI Ústav informatiky a matematiky  |X 104615  |U E050  |Y 816  |7 104615 
242 0 1 |a Segmentation and recognition of encrypted handwritten historical documents  |y eng 
245 1 0 |a Segmentácia a rozpoznávanie obsahu historických šifrovaných dokumentov 
260 |a Bratislava :  |b STU v Bratislave FEI,  |c 2022 
300 |a 57 s., príl. 
650 4 |a Mask R-CNN  |2 slo 
650 4 |a neurónové siete  |2 slo 
650 4 |a rozpoznávanie obsahu  |2 slo 
650 4 |a historické dokumenty  |2 slo 
650 4 |a Mask R-CNN  |2 eng 
650 4 |a neural networks  |2 eng 
650 4 |a content recognition  |2 eng 
650 4 |a historical documents  |2 eng 
700 1 |a Marák, Pavol  |u 035000  |k Z1  |4 ths  |U FEI Fakulta elektrotechniky a informatiky  |T FEI Ústav informatiky a matematiky  |X 50790  |U E050  |Y 816  |7 A000050790 
856 4 |u https://opac.crzp.sk/?fn=detailBiblioFormChildA2BG3&sid=378281AEB05FBF717837CBA6EBFA&seo=CRZP-detail-kniha